L'Espace céleste et la nature tropicale (Record no. 157688)
[ view plain ]
| 000 -LEADER | |
|---|---|
| campo de control de longitud fija | 00907nam a22002055i 4500 |
| 001 - NÚMERO DE CONTROL | |
| campo de control | 157688 |
| 003 - IDENTIFICADOR DE NÚMERO DE CONTROL | |
| campo de control | ES-MaACL |
| 005 - FECHA Y HORA DE LA ÚLTIMA TRANSACCIÓN | |
| campo de control | 20230906210818.0 |
| 008 - DATOS DE LONGITUD FIJA--INFORMACIÓN GENERAL | |
| campo de control de longitud fija | 960320q1865 fr |||| | fre d |
| 040 ## - FUENTE DE CATALOGACIÓN | |
| Centro catalogador/agencia de origen | CLM |
| Lengua de catalogación | spa |
| Centro/agencia transcriptor | CCPB | SIC |
| 100 1# - ENTRADA PRINCIPAL--NOMBRE DE PERSONA | |
| Nombre de persona | Liais, E. |
| 9 (RLIN) | 128939 |
| 245 12 - MENCIÓN DEL TÍTULO | |
| Título | L'Espace céleste et la nature tropicale |
| Resto del título | : description physique de l'Univers d'après des observations personne lles faites dans les deux hémisphères / |
| Mención de responsabilidad, etc. | Emm. Liais ; préface de M. Babinet ; dessins de Yan' Dargent. |
| 260 ## - PUBLICACIÓN, DISTRIBUCIÓN, ETC. | |
| Lugar de publicación, distribución, etc. | Paris : |
| Nombre del editor, distribuidor, etc. | Garnier frères, |
| Fecha de publicación, distribución, etc. | [s.a.] |
| 300 ## - DESCRIPCIÓN FÍSICA | |
| Extensión | X, 603 p., 40 h. de lám. : |
| Otras características físicas | il. ; |
| Dimensiones | 27 cm. |
| 596 #1 - NOTA AL PIE DE IMPRENTA | |
| NOTA AL PIE DE IMPRENTA | NUC fecha esta obra en [1865] |
| 700 11 - ENTRADA AGREGADA--NOMBRE PERSONAL | |
| Nombre de persona | Babinet, M, |
| Término indicativo de función/relación | |
| 9 (RLIN) | 125771 |
| 700 11 - ENTRADA AGREGADA--NOMBRE PERSONAL | |
| Nombre de persona | Dargent, Yan', |
| Término indicativo de función/relación | |
| 9 (RLIN) | 126697 |
| 752 ## - ENTRADA AGREGADA--NOMBRE JERÁRQUICO DEL LUGAR | |
| País o entidad superior | Francia - |
| Ciudad | París |
| 852 ## - LOCALIZACIÓN | |
| Ubicación | ES-MaACL |
| Número de control de estantería | C-1732 |
| Nota libre | -- Enc. hol. |
| -- | -- Legado M. de la Fuente |
| Encuadernación | -- Edic.: La paginación es XIII, 606 p., [40] h. de lám. |
| Estatus retirado | Estado de pérdida | Estado de daño | No para préstamo | Biblioteca de origen | Biblioteca actual | Ubicación en estantería | Fecha de adquisición | Fuente de adquisición | Total de préstamos | Signatura topográfica completa | Código de barras | Visto por última vez | Precio de reemplazo | Tipo de ítem Koha |
|---|---|---|---|---|---|---|---|---|---|---|---|---|---|---|
| Biblioteca del Ateneo de Madrid | Biblioteca del Ateneo de Madrid | Sala Palomar | 17/01/2008 | C-1732 | 1165017 | 23/02/2023 | 23/02/2023 | Libro impreso |
